Седьмой крест: Роман

Detalhes bibliográficos
Autor principal: Зегерс А. Анна
Outros Autores: Станевич В. (переводчик)
Idioma:russo
Publicado em: Москва, Прогресс, 1978
Colecção:Библиотека Победы
Assuntos:
Formato: MixedMaterials Livro
KOHA link:https://koha.lib.tpu.ru/cgi-bin/koha/opac-detail.pl?biblionumber=127220

MARC

LEADER 00000nam0a2200000 4500
001 127220
005 20231031132133.0
035 |a (RuTPU)RU\TPU\book\137608 
090 |a 127220 
100 |a 20071211d1978 m y0rusy50 ca 
101 1 |a rus  |c ger 
102 |a RU 
105 |a y z 000zy 
200 1 |a Седьмой крест  |e Роман  |f А. Зегерс  |g пер. с нем. В. Станевич 
210 |a Москва  |c Прогресс  |d 1978 
215 |a 360 с.  |c ил. 
225 1 |a Библиотека Победы 
610 1 |a немецкая литература 
610 1 |a романы 
610 1 |a антифашисты 
675 |a 83  |v 3 
700 1 |a Зегерс  |b А.  |g Анна 
702 1 |a Станевич  |b В.  |4 730 
801 1 |a RU  |b 63413507  |c 20071211  |g PSBO 
942 |c BK